Subway Sandwiches - Statistics

General Stats
  • This quiz has been taken 142 times
  • The average score is 9 of 15
Answer Stats
Hint Answer % Correct
Oven Roasted _______ Chicken
92%
Black Forest ___ Ham
88%
______ Breast Turkey
83%
Roast ____ Beef
80%
Chicken & _____ Ranch Melt Bacon
75%
____ Cut Combo Cold
69%
Meatball ________ Marinara
56%
______ Delite Veggie
52%
Sweet Onion Chicken ________ Teriyaki
51%
Italian ___ BMT
43%
_____ Italian Spicy
42%
_____ & Cheese Steak
37%
__________-Style Chicken Rotisserie
30%
Subway ____ Club
29%
Classic ____ Tuna
29%
No matching quizzes found
Score Distribution
Percent of People with Each Score
Percentile by Number Answered
Your Score History
You have not taken this quiz